000 00737nam a22001817a 4500
003 UA-OsUOA
001 16411
007 ta
008 20040108b un ||||| |||| 00| 0 ukr d
100 _aАндрійчук С.
942 _cSA
040 _aUA-OsUOA
_cUA-OsUOA
_dUA-OsUOA
245 _aMillenium Plaza нашим зодчим лише сниться: [Рівнен. архітектори розробили концеп. розв. центру міста "Millenium Plaza", а також проект "Місто завтра", який просувається вперед]
300 _aС.4-5
955 _a0
773 0 _w0
_tОго
_dРівне
_d2003
_g№170/7 жовт./
650 7 _aАрхітектура
_2UDC
999 _c302576
_d302576